Largest American Cities by Year - Statistics

General Stats
  • This quiz has been taken 122 times
  • The average score is 19 of 28
Answer Stats
Answer % Correct
Los Angeles
100%
New York City
100%
Boston
98%
Chicago
98%
Dallas
95%
Houston
95%
Philadelphia
94%
Washington D.C.
94%
Detroit
93%
San Francisco
89%
Baltimore
84%
Phoenix
81%
San Diego
77%
San Antonio
75%
St. Louis
73%
Cleveland
70%
New Orleans
70%
Buffalo
62%
Cincinnati
62%
Albany
58%
Charleston
51%
Providence
49%
Brooklyn
36%
Salem
22%
Norfolk
21%
Northern Liberties
14%
Southwark
4%
Spring Garden
2%
No matching quizzes found
Score Distribution
Percent of People with Each Score
Percentile by Number Answered
Your Score History
You have not taken this quiz